[Event "SVK-chT2A 2425"]
[Site "Slovakia"]
[Date "2024.12.01"]
[Round "4.7"]
[White "Barca, Michal"]
[Black "Silhar, Martin"]
[Result "0-1"]
[WhiteElo "1848"]
[BlackElo "1934"]
[PlyCount "47"]
[EventDate "2024.11.09"]
[EventType "team-tourn"]
[EventRounds "11"]
[EventCountry "SVK"]
[SourceTitle "CB51_2024"]
[SourceDate "2024.12.18"]
[SourceVersion "1"]
[SourceVersionDate "2024.12.18"]
[SourceQuality "1"]
[WhiteTeam "Hlohovec"]
[BlackTeam "Pezinok"]
[WhiteTeamCountry "SVK"]
[BlackTeamCountry "SVK"]

1. d4 Nf6 2. Nf3 g6 3. e3 Bg7 4. Bd3 d6 5. c4 0-0 6. Nc3 Nbd7 7. d5 e5 8. e4 Nh5 9. 0-0 f5 10. exf5 gxf5 11. Ng5 Ndf6 12. Be2 Nf4 13. Bxf4 exf4 14. Bh5 h6 15. Nh3 Ne4 16. Nxf4 Nxc3 17. bxc3 Bxc3 18. Ng6 Bxa1 19. Qxa1 Qf6 20. Qc1 Rf7 21. Re1 Bd7 22. Qe3 Re8 23. Qxe8+ Bxe8 24. Rxe8+ 0-1

[Event "SVK-chT2A 2425"]
[Site "Slovakia"]
[Date "2024.11.30"]
[Round "3.5"]
[White "Durana, Jonas"]
[Black "Barca, Michal"]
[Result "1-0"]
[WhiteElo "1935"]
[BlackElo "1848"]
[PlyCount "105"]
[EventDate "2024.11.09"]
[EventType "team-tourn"]
[EventRounds "11"]
[EventCountry "SVK"]
[SourceTitle "CB51_2024"]
[SourceDate "2024.12.18"]
[SourceVersion "1"]
[SourceVersionDate "2024.12.18"]
[SourceQuality "1"]
[WhiteTeam "Modra II"]
[BlackTeam "Hlohovec"]
[WhiteTeamCountry "SVK"]
[BlackTeamCountry "SVK"]

1. e4 e6 2. d4 d5 3. Nc3 Bb4 4. e5 Bxc3+ 5. bxc3 c5 6. Qg4 g6 7. h4 Nc6 8. h5 Nge7 9. hxg6 Nxg6 10. Bd3 cxd4 11. cxd4 Qe7 12. c3 Bd7 13. Bxg6 fxg6 14. Qxg6+ hxg6 15. Rxh8+ Kf7 16. Rh7+ Kg8 17. Rxe7 Nxe7 18. Bg5 Nc6 19. Nh3 Rc8 20. Bf6 Na5 21. Ng5 Kf8 22. 0-0-0 Ba4 23. Rd3 Rc6 24. Rh3 Ke8 25. Rh7 Rxc3+ 26. Kb2 Rd3 27. Re7+ Kd8 28. Nf7+ Kc8 29. Nd6+ Kb8 30. Bg5 Nc4+ 31. Nxc4 dxc4 32. Be3 c3+ 33. Ka3 c2+ 34. Kb2 Rd1 35. Bc1 Rxd4 36. Rxe6 Rb4+ 37. Kc3 Rb6 38. Rf6 Kc8 39. Rf4 Rc6+ 40. Kd4 Kd8 41. Kd5 Bb5 42. e6 Ra6 43. Bd2 Bc6+ 44. Ke5 Kc7 45. Rf7+ Kb6 46. e7 Ra5+ 47. Kd4 Rc5 48. Rf6 Rd5+ 49. Kc3 Re5 50. Kxc2 Kb5 51. f3 Be8 52. Kb3 Rxe7 53. a4+ 1-0

[Event "SVK-chT2A 2425"]
[Site "Slovakia"]
[Date "2024.11.10"]
[Round "2.7"]
[White "Barca, Michal"]
[Black "Livnansky, Tomas"]
[Result "1-0"]
[WhiteElo "1816"]
[BlackElo "1683"]
[PlyCount "71"]
[EventDate "2024.11.09"]
[EventType "team-tourn"]
[EventRounds "11"]
[EventCountry "SVK"]
[SourceTitle "CB51_2024"]
[SourceDate "2024.12.18"]
[SourceVersion "1"]
[SourceVersionDate "2024.12.18"]
[SourceQuality "1"]
[WhiteTeam "Hlohovec"]
[BlackTeam "Bratislava Doprastav III"]
[WhiteTeamCountry "SVK"]
[BlackTeamCountry "SVK"]

1. d4 d5 2. Nf3 Nf6 3. e3 c6 4. c4 Bf5 5. Nc3 e6 6. Bd3 Bxd3 7. Qxd3 Bd6 8. 0-0 Nbd7 9. e4 dxe4 10. Nxe4 Nxe4 11. Qxe4 Nf6 12. Qe2 0-0 13. Ne5 h6 14. Be3 Qc7 15. f4 c5 16. Rac1 cxd4 17. Bxd4 Bc5 18. Be3 Qb6 19. Bxc5 Qxc5+ 20. Kh1 Rad8 21. Rfd1 Rd4 22. Rxd4 Qxd4 23. g3 Qe4+ 24. Qxe4 Nxe4 25. Kg2 Rd8 26. Nf3 f5 27. c5 Rc8 28. b4 b6 29. cxb6 Rxc1 30. b7 Rc2+ 31. Kh3 Nf2+ 32. Kh4 g5+ 33. Kh5 Ne4 34. Kg6 Kf8 35. b8Q+ Ke7 36. Qxa7+ 1-0

[Event "EU-ch Amateurs U2000"]
[Site "Mali Losinj"]
[Date "2024.08.25"]
[Round "1"]
[White "Barca, Michal"]
[Black "Romano, Giovanni"]
[Result "1/2-1/2"]
[WhiteElo "1846"]
[BlackElo "1715"]
[PlyCount "39"]
[EventDate "2024.08.25"]
[EventType "swiss"]
[EventRounds "9"]
[EventCountry "CRO"]
[SourceTitle "EXT 2025"]
[Source "ChessBase"]
[SourceDate "2024.10.14"]
[SourceVersion "1"]
[SourceVersionDate "2024.10.14"]
[SourceQuality "1"]

1. d4 d5 2. c4 dxc4 3. Nc3 a6 4. a4 Nc6 5. Nf3 Bg4 6. e3 Nf6 7. Bxc4 e5 8. Qb3 Bh5 9. Nxe5 Nxe5 10. dxe5 Nd7 11. e6 fxe6 12. Bxe6 Nc5 13. Qd5 Qxd5 14. Bxd5 Nd3+ 15. Kf1 0-0-0 16. e4 Bc5 17. f3 Nf2 18. Rg1 Nd3 19. Rh1 Nf2 20. Rg1 1/2-1/2

[Event "Portoroz op 14th"]
[Site "Portoroz"]
[Date "2023.07.19"]
[Round "6"]
[White "Barca, Michal"]
[Black "Vincenzi, Marco"]
[Result "0-1"]
[WhiteElo "1696"]
[BlackElo "2040"]
[PlyCount "60"]
[EventDate "2023.07.15"]
[EventType "swiss"]
[EventRounds "9"]
[EventCountry "SLO"]
[SourceTitle "CBM 215 Extra"]
[Source "ChessBase"]
[SourceDate "2023.09.30"]
[SourceVersion "1"]
[SourceVersionDate "2023.09.30"]
[SourceQuality "1"]

1. d4 Nf6 2. Bf4 c5 3. e3 g6 4. Nf3 Bg7 5. c4 cxd4 6. exd4 d5 7. c5 Nc6 8. Be2 0-0 9. 0-0 Nh5 10. Bg5 h6 11. Bh4 Nf4 12. Bb5 Bg4 13. Bxc6 bxc6 14. h3 Bxf3 15. Qxf3 Ne6 16. Qe3 g5 17. Rd1 gxh4 18. Nc3 Rb8 19. Rab1 Qc7 20. Ne2 a5 21. f4 a4 22. Qf2 Rb4 23. Rd2 Rfb8 24. f5 Ng5 25. Qxh4 Ne4 26. Rc2 Rxd4 27. Nxd4 Bxd4+ 28. Kf1 Qe5 29. g4 Ng3+ 30. Kg2 Qe4+ 0-1

[Event "SVK-chT3A2 1819"]
[Site "Slovakia"]
[Date "2019.02.24"]
[Round "9.1"]
[White "Huska, Branislav"]
[Black "Barca, Michal"]
[Result "1-0"]
[WhiteElo "1820"]
[BlackElo "1752"]
[PlyCount "43"]
[EventDate "2018.10.07"]
[EventType "team-tourn"]
[EventRounds "11"]
[EventCountry "SVK"]
[SourceTitle "EXT 2020"]
[Source "ChessBase"]
[SourceDate "2019.10.17"]
[SourceVersion "1"]
[SourceVersionDate "2019.10.17"]
[SourceQuality "1"]
[WhiteTeam "Senica SK"]
[BlackTeam "Hlohovec"]
[WhiteTeamCountry "SVK"]
[BlackTeamCountry "SVK"]

1. e4 d5 2. exd5 Qxd5 3. Nc3 Qd6 4. d4 Nf6 5. Nf3 Bg4 6. Be2 g6 7. h3 Bxf3 8. Bxf3 c6 9. Bg5 Bg7 10. Qd2 0-0 11. 0-0-0 Re8 12. Kb1 Na6 13. h4 Nc7 14. h5 Ncd5 15. Nxd5 cxd5 16. hxg6 hxg6 17. Bh6 Bh8 18. Qg5 Rad8 19. Qh4 Nd7 20. Bf4 Qf6 21. Qh7+ Kf8 22. Bh6+ 1-0

[Event "Portoroz op 10th"]
[Site "Portoroz"]
[Date "2016.07.24"]
[Round "2"]
[White "Gregoric, Andraz"]
[Black "Barca, Michal"]
[Result "1/2-1/2"]
[WhiteElo "1420"]
[BlackElo "1845"]
[PlyCount "35"]
[EventDate "2016.07.23"]
[EventType "swiss"]
[EventRounds "9"]
[EventCountry "SLO"]
[SourceTitle "CBM 173 Extra"]
[Source "ChessBase"]
[SourceDate "2016.08.29"]
[SourceVersion "1"]
[SourceVersionDate "2016.08.29"]
[SourceQuality "1"]

1. e4 d5 2. exd5 Qxd5 3. Nc3 Qd6 4. d4 Nf6 5. Nf3 g6 6. Bd3 Bg7 7. 0-0 Bg4 8. Nb5 Qd8 9. Bf4 Na6 10. c3 0-0 11. Re1 c6 12. Na3 Nc7 13. Nc4 Re8 14. Nce5 e6 15. Nxg4 Nxg4 16. Nd2 Nf6 17. Nc4 Nh5 18. Bxc7 1/2-1/2

[Event "SVK-chT3A2 1516"]
[Site "Slovakia"]
[Date "2016.03.06"]
[Round "9.1"]
[White "Barca, Michal"]
[Black "Slobodnik, Michal"]
[Result "0-1"]
[WhiteElo "1837"]
[BlackElo "1986"]
[PlyCount "76"]
[EventDate "2015.10.11"]
[EventType "team-tourn"]
[EventRounds "11"]
[EventCountry "SVK"]
[SourceTitle "EXT 2020"]
[Source "ChessBase"]
[SourceDate "2019.10.17"]
[SourceVersion "1"]
[SourceVersionDate "2019.10.17"]
[SourceQuality "1"]
[WhiteTeam "Hlohovec"]
[BlackTeam "Sered MSK"]
[WhiteTeamCountry "SVK"]
[BlackTeamCountry "SVK"]

1. c4 c6 2. Nc3 d5 3. cxd5 cxd5 4. d4 Nf6 5. Nf3 Nc6 6. g3 Bf5 7. a3 e6 8. Bg2 h6 9. 0-0 Bd6 10. Qb3 Qd7 11. Bd2 Rc8 12. Nh4 Nxd4 13. Qd1 Bc2 14. Qe1 Bb3 15. Rc1 0-0 16. e3 Nc6 17. Kh1 Ne5 18. Ra1 Nd3 19. Qb1 Bc4 20. b3 Ba6 21. Nf3 e5 22. Kg1 Rc7 23. Rd1 Rfc8 24. Bf1 e4 25. Nd4 Rxc3 26. Bxc3 Rxc3 27. b4 Bc4 28. Bxd3 Rxd3 29. Qc2 Qh3 30. Rxd3 exd3 31. Qb2 Be5 32. f3 h5 33. Re1 h4 34. g4 Bxd4 35. Qxd4 Qxf3 36. g5 Ne4 37. Rf1 Qg4+ 38. Kh1 h3 0-1

[Event "SVK-chT3A2 1213"]
[Site "Slovakia"]
[Date "2013.02.24"]
[Round "9.6"]
[White "Barca, Michal"]
[Black "Jancik, Ondrej"]
[Result "1/2-1/2"]
[WhiteElo "1825"]
[BlackElo "1701"]
[PlyCount "74"]
[EventDate "2012.10.07"]
[EventType "team-tourn"]
[EventRounds "11"]
[EventCountry "SVK"]
[SourceTitle "EXT 2015"]
[Source "ChessBase"]
[SourceDate "2014.11.20"]
[SourceVersion "1"]
[SourceVersionDate "2014.11.20"]
[SourceQuality "1"]
[WhiteTeam "Hlohovec SK Zentiva"]
[BlackTeam "Trnava Lokomotiva Solartec III"]
[WhiteTeamCountry "SVK"]
[BlackTeamCountry "SVK"]

1. c4 Nf6 2. Nc3 d5 3. cxd5 Nxd5 4. e4 Nxc3 5. bxc3 g6 6. d4 Bg7 7. f4 c5 8. Nf3 Nc6 9. e5 0-0 10. Bb5 Na5 11. 0-0 a6 12. Be2 Be6 13. Be3 Nc4 14. Bxc4 Bxc4 15. Rf2 e6 16. dxc5 Qa5 17. Bd4 Rfd8 18. Rb1 Bd5 19. Qc1 Bf8 20. c6 Bxc6 21. Bb6 Qd5 22. Bxd8 Rxd8 23. Rd2 Qc5+ 24. Kh1 Rxd2 25. Qxd2 Bd5 26. Nd4 Qc4 27. Nb3 b5 28. Re1 b4 29. Rc1 Qe4 30. cxb4 Bxb4 31. Qf2 a5 32. Nd2 Qd3 33. Nf3 Qf5 34. Qh4 Bf8 35. h3 h6 36. Kh2 g5 37. Qg4 Kh7 1/2-1/2